000 01597fam a2200361 a 4500
001 1538691
003 ARRUPE
005 20140131141313.0
008 940531s1994 meu b 001 0 eng
010 _a 94021995
020 _a1567510396 (cloth)
020 _a1567510388 (paper)
035 _a(OCoLC)30665668
035 _a(OCoLC)ocm30665668
035 _a(NNC)1538691
040 _aDLC
_cDLC
_dDLC
_dNNC
043 _an-us---
050 0 0 _aHQ1421
_b.C49 1994
082 0 0 _a305.42/0973
_220
100 1 _aChesler, Phyllis.
_97598
245 1 0 _aPatriarchy :
_bnotes of an expert witness /
_cPhyllis Chesler.
260 _aMonroe, Me. :
_bCommon Courage Press,
_cc1994.
263 _a9411
300 _a180 p. ;
_c20 cm.
504 _aIncludes bibliographical references and index.
505 0 _aIntroduction: Heroism Is Our Only Alternative -- Women of the Asylum: First-Person Accounts of Women Hospitalized in American Psychiatric Institutions, 1840-1945 -- Mothers on Trial: Custody and the Baby M Case -- The Men's Auxiliary: Protecting the Rule of the Fathers -- A Wolf in Feminist Clothing -- Feminism and Illness -- Marcia Rimland's Deadly Dilemma -- A Woman's Right to Self-Defense: The Case of Aileen Carol Wuornos -- Sister, Fear Has No Place Here.
650 0 _aWomen's rights
_zUnited States
_vCase studies.
_97599
650 0 _aWomen
_zUnited States
_xSocial conditions
_vCase studies.
_97600
650 0 _aPower (Social sciences)
_zUnited States
_vCase studies.
_97601
650 0 _aFeminism
_zUnited States.
_97602
900 _bTOC
942 _2lcc
_cMONOGRAPH
999 _c119848
_d119848